Основы логистики: учебное пособие

Bibliographic Details
Main Author: Канке А. А. Алла Анатольевна
Other Authors: Кошевая И. П. Ирина Петровна
Summary:Излагаются теоретические и концептуальные положения логистики как сферы предпринимательской деятельности по управлению материальными, информационными, финансовыми и сопутствующими потоками. Изложены базовые понятия в области логистики и управления цепями поставок, описывается современная концепция логистики, ее структурные элементы. Рассматриваются логистическая миссия и место логистического менеджмента на фирме. Большое внимание уделяется рассмотрению методов и моделей логистики, обоснованию функционального единства и эффективности логистических решений. Изложен широкий круг экономических вопросов логистики. Рассмотрены методы и стратегии ценообразования, логистические издержки и способы их учета и анализа, показатели эффективности логистической деятельности на фирме. Даны контрольные вопросы и тестовые задания для оценки качества освоения и закрепления учебного материала. Для студентов и аспирантов высших учебных заведений всех специальностей системы бизнес-образования, изучающих дисциплину «Логистика», руководителей и специалистов предприятий и организаций, работающих в области логистики и управления цепями поставок, а также широкого круга современных деловых людей.
Language:Russian
Published: Москва, КноРус, 2010
Subjects:
Format: Book
KOHA link:https://koha.lib.tpu.ru/cgi-bin/koha/opac-detail.pl?biblionumber=170193

MARC

LEADER 00000nam0a2200000 4500
001 170193
005 20231101222856.0
010 |a 9785406001721 
035 |a (RuTPU)RU\TPU\book\184576 
090 |a 170193 
100 |a 20091120d2010 m y0rusy50 ca 
101 0 |a rus 
102 |a RU 
105 |a a j 001zy 
200 1 |a Основы логистики  |e учебное пособие  |f А. А. Канке, И. П. Кошевая 
210 |a Москва  |c КноРус  |d 2010 
215 |a 576 с.  |c ил. 
320 |a Библиогр.: с. 573-574. 
320 |a Глоссарий: с. 560-572. 
330 |a Излагаются теоретические и концептуальные положения логистики как сферы предпринимательской деятельности по управлению материальными, информационными, финансовыми и сопутствующими потоками. Изложены базовые понятия в области логистики и управления цепями поставок, описывается современная концепция логистики, ее структурные элементы. Рассматриваются логистическая миссия и место логистического менеджмента на фирме. Большое внимание уделяется рассмотрению методов и моделей логистики, обоснованию функционального единства и эффективности логистических решений. Изложен широкий круг экономических вопросов логистики. Рассмотрены методы и стратегии ценообразования, логистические издержки и способы их учета и анализа, показатели эффективности логистической деятельности на фирме. Даны контрольные вопросы и тестовые задания для оценки качества освоения и закрепления учебного материала. Для студентов и аспирантов высших учебных заведений всех специальностей системы бизнес-образования, изучающих дисциплину «Логистика», руководителей и специалистов предприятий и организаций, работающих в области логистики и управления цепями поставок, а также широкого круга современных деловых людей. 
606 1 |a Логистика  |x Логистические стратегии  |2 stltpush  |3 (RuTPU)RU\TPU\subj\36364  |9 57772 
610 1 |a терминология 
610 1 |a концепции 
610 1 |a логистические цепи 
610 1 |a логистический менеджмент 
610 1 |a логистический анализ 
610 1 |a логистические решения 
610 1 |a системный подход 
610 1 |a стратегический менеджмент 
610 1 |a экономико-математические методы 
610 1 |a моделирование 
610 1 |a логистические издержки 
610 1 |a логистические затраты 
610 1 |a транзакционные издержки 
610 1 |a ценообразование 
610 1 |a логистические показатели 
610 1 |a тесты 
610 1 |a учебные пособия 
686 |a У9(2)40я73  |v LBC/SL-A  |2 rubbk 
700 1 |a Канке  |b А. А.  |g Алла Анатольевна 
701 1 |a Кошевая  |b И. П.  |g Ирина Петровна 
801 1 |a RU  |b 63413507  |c 20091120 
801 2 |a RU  |b 63413507  |c 20150601  |g RCR 
900 |a Логистика 
942 |c BK 
951 |b 080507 
959 |a 116/20091120  |d 2  |e 250,00  |f ЧЗГЛ:1  |f АНЛ:1